000 01012nam a2200301Ia 4500
001 Para_9420
003 CHAP
008 220125s2008 xx 000 0 und d
010 _a208117
040 _cCHAP
090 _aTESIS 2148
100 _aCundapí Corzo, Armando
_930439
245 _aEpidemiología y manejo de sigatoka negra (Mycosphaerella fijiensis Morelet) en banano en Tapachula, Chiapas /
_c por Armando Cundapí Corzo
260 _aChapingo, Méx. :
_b el autor
300 _a70 h.
502 _aTesis (M.C. en Protección Vegetal) UACh. Departamento Parasitología Agrícola
650 _aHongos fitopatógenos
_956132
650 _aMycosphaerella fijiensis
_979933
650 _aPlátano
_x enfermedades por hongos
_9164496
710 _aUACh. Departamento Parasitología Agrícola
_9164025
901 _aTESIS 2148
902 _aM
905 _a0000002008 amn 0000000000 00
910 _a2008
942 _cPARA
942 _cPARA
_d2
999 _c208117
_d208117